00956 a2200181 45000010006000000050017000060080041000230030015000640400040000790800049001192450014001682500012001822640055001943000019002495050460002681000021007287000025007495901220260407155844.0260407a1950 arg spa dAR-UNSa-BCEJYS aAR-UNSa-BCEJYSbspacAR-UNSa-BCEJYS a338.516.24xPrecio de monopolio (oligopolio)10aMonopolio a2a. ed. 1aBuenos Aires :bFondo de Cultura Económicac1950 a239 p.c22 cm. a1. El precio del monopolio - 2. Cuasi-monopolio - 3. Clases de monopolio - 4. Medios de establecer o prolongar los monopolios - 5. Formas de organización monopólica - 6. El monopolio y la eficiencia industrial - 7. Los monopolios y la estabilidad industrial - 8. Control del monopolio - 9. La ley y el monopolio en Estados Unidos - 10. La ley y el monopolio en Alemania - 11. La ley y el monopolio en Gran Bretaña - 12. El futuro de los monopolios. 1 aRobinson, E.A.G.1 aUrquidi, Víctor L.